| Tag |
First Indicator |
Second Indicator |
Subfields |
| LEADER |
00000cam a2200000 i 4500 |
| 001 |
in00004792162 |
| 003 |
OCoLC |
| 005 |
20240724193415.4 |
| 008 |
231116t20242024miua b 001 0 eng c |
| 010 |
|
|
|a 2023050818
|
| 040 |
|
|
|a DLC
|b eng
|e rda
|c DLC
|
| 020 |
|
|
|a 9780472076635
|q (hardcover)
|
| 020 |
|
|
|a 0472076639
|
| 020 |
|
|
|a 9780472056637
|q (paperback)
|
| 020 |
|
|
|a 0472056638
|
| 020 |
|
|
|z 9780472904297
|q (ebook other)
|
| 035 |
|
|
|a (OCoLC)1379831837
|
| 050 |
0 |
0 |
|a QC903
|b .A148 2024
|
| 082 |
0 |
0 |
|a 363.7/07
|2 23/eng/20231127
|
| 100 |
1 |
|
|a Andrews, Talbot M.,
|e author.
|
| 245 |
1 |
0 |
|a Climate games :
|b experiments on how people prevent disaster /
|c Talbot M. Andrews, Andrew W. Delton and Reuben Kline.
|
| 264 |
|
1 |
|a Ann Arbor :
|b University of Michigan Press,
|c [2024].
|
| 264 |
|
4 |
|c ©2024.
|
| 300 |
|
|
|a viii, 207 pages :
|b illustrations ;
|c 24 cm.
|
| 336 |
|
|
|a text
|b txt
|2 rdacontent
|
| 337 |
|
|
|a unmediated
|b n
|2 rdamedia
|
| 338 |
|
|
|a volume
|b nc
|2 rdacarrier
|
| 504 |
|
|
|a Includes bibliographical references (pages 179-200) and index.
|
| 520 |
|
|
|a Yet real climate change is a complex social dilemma involving the world's nearly eight billion inhabitants. In the real world, the worst effects of climate change are likely to be felt by developing countries, while most of the decisions will be made by rich, industrialized countries. And while the world as a whole would be better off if all nations reduced their greenhouse gas emissions, any given nation could decide it would be even better off if it continued emitting and let other nations take care of the problem. These disaster experiments test how real people respond to climate change's unique constellation of challenges and deliver a positive message. People will prevent disaster.
|
| 650 |
|
0 |
|a Climatic changes
|x Social aspects.
|
| 650 |
|
0 |
|a Climatic changes
|x Effect of human beings on.
|
| 650 |
|
0 |
|a Climatic changes
|x Economic aspects.
|
| 650 |
|
0 |
|a Climate change mitigation
|x International cooperation.
|
| 700 |
1 |
|
|a Delton, Andrew W.,
|d 1994-
|e author.
|
| 700 |
1 |
|
|a Kline, Reuben.,
|e author.
|
| 945 |
|
|
|b 87631
|
| 947 |
|
|
|a A14852493700
|
| 948 |
|
|
|a dmitchel 7/24/24 2.30.20
|
| 980 |
|
|
|b print
|c 40032286908
|f NONFIC/B
|g 565714
|k USD
|m 64.00
|q 1
|s AcqMono Conventional
|t Approval plan
|u Vendor order reference number
|v ZYBP
|y Print approval
|z Physical resource
|
| 999 |
f |
f |
|i fb0d4cb9-0577-43b7-9ed4-1cbeb5b40d04
|s 6531491f-2dff-42df-b369-9ca3cfc9e9a0
|t 0
|
| 952 |
f |
f |
|p normal
|a Texas A&M University
|b College Station
|c Sterling C. Evans Library
|d Evans: Library Stacks
|t 0
|e QC903 .A148 2024
|h Library of Congress classification
|i unmediated -- volume
|m A14852493700
|
| 998 |
f |
f |
|a QC903 .A148 2024
|t 0
|l Evans: Library Stacks
|